[Event "Torroella de Montgri U2200 2nd"]
[Site "Torroella de Montgri"]
[Date "2019.09.08"]
[Round "6.8"]
[White "Moles Fuentes, Jesus"]
[Black "Turon Costabella, Joan"]
[Result "1-0"]
[WhiteElo "1947"]
[BlackElo "1754"]
[PlyCount "71"]
[EventDate "2019.09.06"]
[EventType "swiss"]
[EventRounds "7"]
[EventCountry "ESP"]
[SourceTitle "EXT 2024"]
[Source "ChessBase"]
[SourceDate "2023.10.10"]
[SourceVersion "1"]
[SourceVersionDate "2023.10.10"]
[SourceQuality "1"]

1. c4 e6 2. g3 d5 3. Bg2 Nf6 4. Nf3 Bd6 5. Nc3 c6 6. b3 Nbd7 7. d4 0-0 8. 0-0 Re8 9. e4 Nxe4 10. Nxe4 dxe4 11. Ng5 Nf6 12. Bb2 h6 13. Nxe4 Nxe4 14. Bxe4 Bd7 15. f4 Qc7 16. Qf3 Rad8 17. Kh1 f5 18. Bd3 Be7 19. c5 Bf6 20. Bc4 b5 21. Be2 Bc8 22. Rad1 Qb7 23. Bc3 Bd7 24. Qg2 Rc8 25. Rfe1 h5 26. h4 Kf7 27. Rd3 Red8 28. b4 Qa8 29. Bd1 Re8 30. Bb3 Re7 31. Qe2 Rce8 32. Kh2 Bc8 33. a4 a6 34. Qe3 Bd7 35. Qd2 Bc8 36. Rde3 1-0

[Event "Torroella de Montgri U2200 2nd"]
[Site "Torroella de Montgri"]
[Date "2019.09.08"]
[Round "7.9"]
[White "Turon Costabella, Joan"]
[Black "Vila I Bague, Arnau"]
[Result "1-0"]
[WhiteElo "1754"]
[BlackElo "1477"]
[PlyCount "31"]
[EventDate "2019.09.06"]
[EventType "swiss"]
[EventRounds "7"]
[EventCountry "ESP"]
[SourceTitle "EXT 2024"]
[Source "ChessBase"]
[SourceDate "2023.10.10"]
[SourceVersion "1"]
[SourceVersionDate "2023.10.10"]
[SourceQuality "1"]

1. d4 Nf6 2. Nf3 e6 3. c4 c5 4. g3 Be7 5. Bg2 0-0 6. 0-0 d5 7. Qc2 Nc6 8. dxc5 Bxc5 9. cxd5 Qb6 10. dxc6 Qxc6 11. Nc3 b5 12. Ne5 Qc7 13. Bxa8 b4 14. Nd3 Ba6 15. Nxc5 bxc3 16. Nxa6 1-0

[Event "Torroella de Montgri U2200 2nd"]
[Site "Torroella de Montgri"]
[Date "2019.09.07"]
[Round "2.7"]
[White "Rex, Torsten Claus"]
[Black "Turon Costabella, Joan"]
[Result "1/2-1/2"]
[WhiteElo "1958"]
[BlackElo "1754"]
[PlyCount "59"]
[EventDate "2019.09.06"]
[EventType "swiss"]
[EventRounds "7"]
[EventCountry "ESP"]
[SourceTitle "EXT 2024"]
[Source "ChessBase"]
[SourceDate "2023.10.10"]
[SourceVersion "1"]
[SourceVersionDate "2023.10.10"]
[SourceQuality "1"]

1. Nf3 d5 2. c4 e6 3. g3 Nf6 4. Bg2 Nbd7 5. cxd5 exd5 6. d4 Bd6 7. 0-0 0-0 8. Nc3 c6 9. Qc2 Re8 10. Nd2 Nb6 11. b3 Bg4 12. Qd3 Qd7 13. Bb2 Re7 14. f3 Bh3 15. e4 Bxg2 16. Kxg2 dxe4 17. fxe4 Rd8 18. Nf3 Qg4 19. Rae1 Nh5 20. Qd2 Nxg3 21. hxg3 Bxg3 22. Kh1 Bxe1 23. Qxe1 Rd6 24. Qf2 Rh6+ 25. Nh2 Qh5 26. e5 Qh4 27. Ne2 Qxf2 28. Rxf2 Nd5 29. Bc1 Rh5 30. Kg2 1/2-1/2